[Event "GER-chT U10"]
[Site "Magdeburg"]
[Date "2016.12.28"]
[Round "4.3"]
[White "Timofeev, Ben"]
[Black "Schulz, Leonard"]
[Result "0-1"]
[WhiteElo "788"]
[BlackElo "1119"]
[PlyCount "66"]
[EventDate "2016.12.27"]
[EventType "team-swiss"]
[EventRounds "7"]
[EventCountry "GER"]
[SourceTitle "EXT 2018"]
[Source "ChessBase"]
[SourceDate "2017.10.13"]
[SourceVersion "1"]
[SourceVersionDate "2017.10.13"]
[SourceQuality "1"]
[WhiteTeam "Stade II"]
[BlackTeam "Leipzig Gruen Weiss"]
[WhiteTeamCountry "GER"]
[BlackTeamCountry "GER"]

1. g3 e5 2. Bg2 d5 3. Nf3 Nc6 4. b3 Nf6 5. Bb2 Bd6 6. c3 Be6 7. 0-0 Qd7 8. Ng5 h6 9. Nf3 g5 10. h4 gxh4 11. gxh4 Bh3 12. Ba3 Bxg2 13. Kxg2 Rg8+ 14. Kh2 Ng4+ 15. Kg3 Ne3+ 16. Kh2 Nxd1 17. Rxd1 Qg4 18. Rg1 Qf4+ 19. Rg3 Rxg3 20. fxg3 Qe4 21. d3 Qxe2+ 22. Kg1 Qxf3 23. Nd2 Qe3+ 24. Kf1 Qxd2 25. Bc1 Qxd3+ 26. Ke1 Qxc3+ 27. Bd2 Qxa1+ 28. Ke2 0-0-0 29. g4 Qb2 30. g5 hxg5 31. hxg5 Bb4 32. Kf3 e4+ 33. Kf4 Qe5+ 0-1

[Event "GER-chT U10"]
[Site "Magdeburg"]
[Date "2016.12.27"]
[Round "1.4"]
[White "Jafarzadeh, Aria"]
[Black "Timofeev, Ben"]
[Result "1-0"]
[WhiteElo "932"]
[BlackElo "788"]
[PlyCount "78"]
[EventDate "2016.12.27"]
[EventType "team-swiss"]
[EventRounds "7"]
[EventCountry "GER"]
[SourceTitle "EXT 2018"]
[Source "ChessBase"]
[SourceDate "2017.10.13"]
[SourceVersion "1"]
[SourceVersionDate "2017.10.13"]
[SourceQuality "1"]
[WhiteTeam "Stade"]
[BlackTeam "Stade II"]
[WhiteTeamCountry "GER"]
[BlackTeamCountry "GER"]

1. e4 e6 2. b3 Bc5 3. Bb2 Qh4 4. Qf3 Nf6 5. Nc3 c6 6. Qg3 Qh6 7. e5 Nd5 8. Nxd5 cxd5 9. 0-0-0 f5 10. exf6 gxf6 11. Nf3 Nc6 12. Ng5 fxg5 13. Bxh8 Qg6 14. Bb2 Nb4 15. d3 a5 16. c3 Nc6 17. d4 Bb6 18. Ba3 Qh5 19. h4 Qf7 20. Qxg5 Bd8 21. Qh6 Ne7 22. Qxh7 Qxf2 23. Qh8+ Qf8 24. Qxf8+ Kxf8 25. Be2 b6 26. Rhf1+ Kg7 27. Rf3 e5 28. Rdf1 e4 29. Rf7+ Kg8 30. Bh5 Nc6 31. Bg6 Be7 32. Bh7+ Kh8 33. Bxe7 Nxe7 34. Rf8+ Ng8 35. Bxg8 d6 36. Be6+ Kg7 37. Rg8+ Kh7 38. Rf7+ Kh6 39. Rf6+ Kh7 1-0